Normal view MARC view
  • Nuevo Testamento-Iglesia

Entry TÍTULO UNIFORME

Number of records used in: 1

001 - NUMERO DE CONTROL DEL REGISTRO

  • Campo de control: 178084

003 - IDENTIFICADOR DEL NUMERO DE CONTROL

  • Campo de control: ES-SlBCS

005 - FECHA Y HORA DE LA ULTIMA TRANSACCION

  • Campo de control: 20210327224832.0

008 - ELEMENTOS DE LONGITUD FIJA

  • Campo de control de longitud fija: 210327|| aca||aabn | a|a d

040 ## - FUENTE DE LA CATALOGACION

  • Agencia que crea de manera original el registro: ES-SlBCS
  • Agencia que realiza la transcripción: ES-SlBCS

130 ## - ENCABEZAMIENTO - TITULO UNIFORME

  • Título uniforme: Nuevo Testamento-Iglesia

670 ## - FUENTE EN LA QUE SE LOCALIZARON DATOS

  • Cita de la fuente: Work cat.: (ES-SlBCS)553536: Batiffol, Pierre 16865, L'église naissante, introduction historique a l'étude du N. T.

Bibliotecas Dominicos Provincia Hispania, 2016

Con tecnología Koha